Tamil Women Poets : (Record no. 152254)
[ view plain ]
| 000 -LEADER | |
|---|---|
| fixed length control field | 00550nam a22001817a 4500 |
| 005 - DATE AND TIME OF LATEST TRANSACTION | |
| control field | 20180524163211.0 |
| 010 ## - LCCN (DPL NO) | |
| LC control number | ENG-123098 |
| 020 ## - INTERNATIONAL STANDARD BOOK NUMBER | |
| International Standard Book Number | 9788170904090 |
| Terms of availability | 100.00 |
| 035 ## - SYSTEM CONTROL NUMBER | |
| System control number | EN-106630 |
| 037 ## - SOURCE OF ACQUISITION | |
| Source of stock number/acquisition | DBAD/PUB |
| 082 ## - DEWEY DECIMAL CLASSIFICATION NUMBER | |
| Classification number | 871.100809287 |
| 100 ## - MAIN ENTRY--PERSONAL NAME | |
| Personal name | Subramanian K.S. |
| 245 ## - TITLE STATEMENT | |
| Title | Tamil Women Poets : |
| Remainder of title | by K S Subramanian |
| Statement of responsibility, etc | Sangam to the Present / |
| 260 ## - PUBLICATION, DISTRIBUTION, ETC. (IMPRINT) | |
| Place of publication, distribution, etc | Thanjavur |
| Name of publisher, distributor, etc | Tamil University |
| Date of publication, distribution, etc | 2010 |
| 270 ## - ADDRESS | |
| Address | Aandu 2041, Vaikasi |
| City | Thanjavur |
| Postal code | 613010 |
| 300 ## - PHYSICAL DESCRIPTION | |
| Extent | 275p |
| Other physical details | 22cm.(pbk) |
| 942 ## - ADDED ENTRY ELEMENTS (KOHA) | |
| Source of classification or shelving scheme | Dewey Decimal Classification |
| Item type | English Books |
| Classification part | 871.100809287 |
| Call number suffix | SUB |
| Withdrawn status | Lost status | Not for loan | Collection code | Home library | Current library | Date acquired | Source of acquisition | Cost, normal purchase price | Full call number | Barcode | Copy number | Cost, replacement price | Koha item type |
|---|---|---|---|---|---|---|---|---|---|---|---|---|---|
| Not For Loan | Non-fiction | D.B.Act.Division | Bawana | 24/05/2018 | DBAD/PUB | 100.00 | 871.100809287 SUB | EN-106630 | 1 | 100.00 | English Books |
